000 01029nam a22002417a 4500
999 _c21134
_d21134
003 AR-CdUCM
008 190307b ||||| |||| 00| 0 spa d
020 _a978-612-47327-6-8
040 _aMUNICIPALIDAD PROVINCIAL DEL CUSCO
_cBIBLIOTECA MUNICIPAL DEL CUSCO
082 _a985.019 / R34
_bR34
_2Segunda
110 _aREGESA
_944110
245 _aHistoria de los Inkas, El Cusco, Machupicchu, Choquequirao y el Qhapaq Ñan :
_bQosqo, Machupijchu, Choqek'irao y Qhapaq Ñan /
260 _aPerú :
_bREGESA,
_c2017.
300 _a212 páginas ;
_bilustraciones en color,
_c22 cm.
505 _aContenido: El Qosqo pre inka -- Surgimiento del Estado Inka -- El imperio del Tawantinsuyo -- La cultura Inka -- Decadencia y fin del imperio -- Principales monumentos arquitectónicos inkas.
650 _aHistoria Inka
_937717
650 _aHistoria Inca
_99202
650 _aCusco Perú
_944111
700 _aÁlvarez Espinoza, Juvenal
_911376
700 _aOjeda Escalante, Roberto
_91298
942 _2ddc
_cLIBROS
945 _aRoel